Investovanie na trhu zlata

Zlato ako investičný nástroj. Cena zlata a svetový výmenný kurz dolára (1968-2005). Riziká pri investovaní do zlata. Ponuka zlata. Produkcia zlata ťažbou v baniach (2000-2009). Dopyt po zlate. Vývoj ceny zlata za posledných desať rokov.

Gespeichert in:
Bibliographische Detailangaben
1. Verfasser: Chovancová, Božena
Format: Buchkapitel
Sprache:Slowakisch
Schlagworte:
Tags: Tag hinzufügen
Keine Tags, Fügen Sie das erste Tag hinzu!

MARC

LEADER 00000nla$a2200000$$$4500
001 0105293
005 20240502072147.8
041 0 |a slo 
044 |a SK 
245 1 0 |a Investovanie na trhu zlata  |c Božena Chovancová 
520 |a Zlato ako investičný nástroj. Cena zlata a svetový výmenný kurz dolára (1968-2005). Riziká pri investovaní do zlata. Ponuka zlata. Produkcia zlata ťažbou v baniach (2000-2009). Dopyt po zlate. Vývoj ceny zlata za posledných desať rokov. 
610 2 0 |a zlato 
610 2 0 |a investície 
610 2 0 |a investovanie 
610 2 0 |a produkcia 
610 2 0 |a ponuka 
610 2 0 |a dopyt 
610 2 0 |a peniaze 
610 2 0 |a inflácia 
610 2 0 |a ceny 
610 2 0 |a svet 
100 1 |a Chovancová, Božena